00618 2200229 4500001002100000005001500021035002000036245007800056100001700134250000600151300003500157700002000192260004700212082000800259084001400267020002200281650001700303990001700320990001700337990001700354990001700371INLIS00000000000068020190125033139 a0010-01190001361 aCara Mudah Bertanam Semangka /cSri Widayati; Ilustrator, Bambang Pramono0 aSri Widayati a- aiv, 60 hlm. :bilus. ;c21 cm.0 aBambang Pramono aJakarta :bCV Sinar Cemerlang Abadi,c2010 a634 a634 SRI c a978-979-1496-68-1 aTanaman Buah a02564/P/2018 a02565/P/2018 a02566/P/2018 a02567/P/2018